Zhodnotenie vývoja faktorov determinujúcich výnosovú situáciu podniku diplomová práca

Enregistré dans:
Détails bibliographiques
Auteur principal: Zacharová, Monika
Collectivité auteur: Fakulta podnikového manažmentu EU. Katedra podnikových financií
Autres auteurs: Nagy, Ladislav
Format: Livre
Langue:slovaque
Publié: Bratislava 2018
Tags: Ajouter un tag
Pas de tags, Soyez le premier à ajouter un tag!

MARC

LEADER 00000nbm a2200000 4500
001 0244600
005 20181001111601.7
041 0 |a slo 
044 |a SK 
245 1 0 |a Zhodnotenie vývoja faktorov determinujúcich výnosovú situáciu podniku  |b diplomová práca  |c Monika Zacharová ; školiteľ: Ladislav Nagy 
264 1 |a Bratislava  |c 2018 
300 |a 71 s. 
100 1 |a Zacharová, Monika 
700 1 |a Nagy, Ladislav 
710 2 |a Fakulta podnikového manažmentu EU. Katedra podnikových financií